| 000 | 00783nam a2200241Ii 4500 | ||
|---|---|---|---|
| 003 | JO-AjNU | ||
| 008 | 230605s9999||||xx |||||||||||||| ||und|| | ||
| 017 | _a2011/2064 | ||
| 020 | _a978-977-337-444-6 | ||
| 040 |
_aJO-AjNU _bara _erda _cJO-AjNU |
||
| 041 | _aara | ||
| 050 | 1 | 4 | _aHF5415.2011 |
| 100 | 3 |
_aاعداد:اصدارات بميك؛اشراف:عبدالرحمن توفيق, _eauthor _934108 |
|
| 245 | 0 | 0 | _aالتسويق= Marketing |
| 250 | _aط1 | ||
| 264 | 3 | 1 | _aالقاهرة: مركز الخبرات المهنية اللادارةبميك؛2011 |
| 300 | _a352ص | ||
| 336 |
_atext _btxt _2rdacontent |
||
| 337 |
_aunmediated _bn _2rdamedia |
||
| 338 |
_avolume _bnc _2rdacarrier |
||
| 490 | 0 | _aاصدارات بميك؛103 | |
| 650 | 4 |
_aالتسويق _934109 |
|
| 999 |
_aA13949 _c17517 _d17517 |
||